[Event "Olomouc Chess Summer 2018 - seniors"]
[Site "Olomouc (CZE)"]
[Date "2018.08.12"]
[Round "3.2"]
[White "Spanton, Tim R"]
[Black "Juricek, Stanislav"]
[Result "1/2-1/2"]
[WhiteElo "1946"]
[BlackElo "2099"]
[PlyCount "58"]
[EventDate "2018.08.11"]

1. c4 e5 2. Nc3 Nf6 3. Nf3 Nc6 4. e4 Bc5 5. Nxe5 Nxe5 6. d4 Bb4 7. dxe5 Nxe4 8.
Qd4 Nxc3 9. bxc3 Be7 10. Bd3 d6 11. Bf4 dxe5 12. Bxe5 f6 13. Qxd8+ Kxd8 14. Bf4
Bd6 15. Bxd6 cxd6 16. O-O-O Bd7 17. Be4 Kc7 18. Rhe1 Rae8 19. Bd3 Ba4 20. Bc2
Bxc2 21. Kxc2 Rxe1 22. Rxe1 Kd7 23. Kd3 Rc8 24. Re3 Rc5 25. Rh3 h5 26. Rg3 g5
27. Rf3 Ke6 28. Rh3 Ra5 29. Re3+ Kd7 1/2-1/2

[Event "Olomouc Chess Summer 2018 - seniors"]
[Site "Olomouc (CZE)"]
[Date "2018.08.12"]
[Round "3.3"]
[White "Kasparek, Jiri"]
[Black "Ortoft, Kai"]
[Result "1/2-1/2"]
[WhiteElo "1746"]
[BlackElo "1946"]
[PlyCount "38"]
[EventDate "2018.08.11"]

1. e4 d6 2. g3 e5 3. Bg2 g6 4. Ne2 Bg7 5. O-O Ne7 6. d3 O-O 7. Be3 Nbc6 8. c3
Bd7 9. Nd2 Qc8 10. Kh1 Bh3 11. Ng1 Bxg2+ 12. Kxg2 f5 13. f4 exf4 14. Bxf4 h6
15. Ngf3 Kh7 16. d4 Qd7 17. h4 Rae8 18. Qc2 fxe4 19. Nxe4 Nd5 1/2-1/2

[Event "Olomouc Chess Summer 2018 - seniors"]
[Site "Olomouc (CZE)"]
[Date "2018.08.13"]
[Round "4.1"]
[White "Juricek, Stanislav"]
[Black "Lys, Josef"]
[Result "1-0"]
[WhiteElo "2099"]
[BlackElo "2115"]
[PlyCount "65"]
[EventDate "2018.08.11"]

1. e4 d6 2. d4 Nf6 3. Nc3 c6 4. f4 b5 5. a3 g6 6. Be2 Bg7 7. Nf3 O-O 8. O-O a6
9. e5 Nd5 10. Bd2 Bb7 11. Nxd5 cxd5 12. Bd3 Nc6 13. c3 Bc8 14. Qc2 Bg4 15. Rae1
e6 16. h3 Bf5 17. g4 Bxd3 18. Qxd3 Ra7 19. Kg2 Rb7 20. f5 dxe5 21. dxe5 exf5
22. gxf5 gxf5 23. Bg5 Qd7 24. Bf6 Re8 25. Qd2 Ne7 26. Bxg7 Kxg7 27. Qg5+ Kh8
28. Qf6+ Kg8 29. Nd4 Qd8 30. e6 Ng6 31. Qxd8 Rxd8 32. Nxf5 Kh8 33. e7 1-0

[Event "Olomouc Chess Summer 2018 - seniors"]
[Site "Olomouc (CZE)"]
[Date "2018.08.13"]
[Round "4.2"]
[White "Ortoft, Kai"]
[Black "Spanton, Tim R"]
[Result "1/2-1/2"]
[WhiteElo "1946"]
[BlackElo "1946"]
[PlyCount "57"]
[EventDate "2018.08.11"]

1. d4 d5 2. Nf3 Nc6 3. Bf4 Bg4 4. e3 e6 5. Be2 Bd6 6. Bxd6 cxd6 7. O-O Nf6 8.
Nbd2 Qe7 9. c4 O-O 10. cxd5 Nxd5 11. Ne4 Rfe8 12. Qb3 Rac8 13. Rac1 Rc7 14. Nc3
Nxc3 15. Rxc3 e5 16. d5 e4 17. dxc6 exf3 18. Bxf3 Bxf3 19. gxf3 bxc6 20. Qa4
Rec8 21. Rfc1 c5 22. Qe4 Qg5+ 23. Qg4 Qd5 24. b3 h5 25. Qf4 a5 26. e4 Qe6 27.
Rd3 Rd7 28. Rcd1 Rcd8 29. Rd5 1/2-1/2

[Event "Olomouc Chess Summer 2018 - seniors"]
[Site "Olomouc (CZE)"]
[Date "2018.08.13"]
[Round "4.3"]
[White "Lauritzen, Einar"]
[Black "Kasparek, Jiri"]
[Result "1-0"]
[WhiteElo "2007"]
[BlackElo "1746"]
[PlyCount "48"]
[EventDate "2018.08.11"]

1. d4 d5 2. Nf3 Nf6 3. c4 e6 4. Nc3 Be7 5. Bf4 O-O 6. e3 Nh5 7. Bg3 c6 8. Qc2
Nd7 9. Bd3 f5 10. Be5 Nhf6 11. h3 Ne4 12. Bh2 Bb4 13. O-O Qe8 14. a3 Bxc3 15.
bxc3 Qh5 16. Ne5 Rf6 17. f3 Ng5 18. e4 Nxe5 19. dxe5 Rg6 20. Kh1 fxe4 21. fxe4
dxc4 22. Qf2 Bd7 23. Bxc4 h6 24. Be2 Nxh3 1-0

[Event "Olomouc Chess Summer 2018 - seniors"]
[Site "Olomouc (CZE)"]
[Date "2018.08.14"]
[Round "5.2"]
[White "Lys, Josef"]
[Black "Ortoft, Kai"]
[Result "1-0"]
[WhiteElo "2115"]
[BlackElo "1946"]
[PlyCount "88"]
[EventDate "2018.08.11"]

1. d4 d5 2. c4 e6 3. Nc3 f5 4. Nf3 c6 5. b3 Nf6 6. Bb2 Bd6 7. e3 O-O 8. Be2
Nbd7 9. O-O b6 10. cxd5 exd5 11. Rc1 Bb7 12. a3 a5 13. Bd3 Ne4 14. Ne2 Qe7 15.
a4 Rf6 16. g3 Raf8 17. h4 Rg6 18. Nf4 Bxf4 19. exf4 Rh6 20. Kg2 Re6 21. Rc2 g6
22. Qc1 Rc8 23. Ba3 Qg7 24. Re1 h6 25. b4 axb4 26. Bxb4 c5 27. Bb5 Bc6 28. Ne5
Bxb5 29. axb5 c4 30. Nc6 Rce8 31. Ra2 Nef6 32. Rxe6 Rxe6 33. Ra8+ Kh7 34. Ra7
Re8 35. Bd6 Kg8 36. Be5 Qf8 37. Rb7 h5 38. Qb2 Re6 39. Qa1 Re8 40. Bxf6 Nxf6
41. Rxb6 Nd7 42. Rb7 Qd6 43. Qa7 Nf8 44. Rg7+ Kh8 1-0

[Event "Olomouc Chess Summer 2018 - seniors"]
[Site "Olomouc (CZE)"]
[Date "2018.08.14"]
[Round "5.3"]
[White "Spanton, Tim R"]
[Black "Lauritzen, Einar"]
[Result "1-0"]
[WhiteElo "1946"]
[BlackElo "2007"]
[PlyCount "65"]
[EventDate "2018.08.11"]

1. c4 e5 2. Nc3 Bb4 3. Nd5 Be7 4. d4 d6 5. Nf3 c6 6. Nxe7 Qxe7 7. d5 Nf6 8. g3
c5 9. Bg2 O-O 10. O-O Na6 11. a3 Bd7 12. Nd2 b5 13. Qc2 Rab8 14. Rb1 Nc7 15. b3
bxc4 16. bxc4 Rb6 17. Rxb6 axb6 18. Bb2 b5 19. f4 Ng4 20. Qc3 f6 21. h3 Nh6 22.
Kh2 bxc4 23. Nxc4 Bb5 24. e4 Bd7 25. Qa5 Nb5 26. Qb6 Nf7 27. a4 Nd4 28. Bxd4
exd4 29. a5 Ba4 30. a6 Ra8 31. Ra1 Bc2 32. Qb7 Qd8 33. a7 1-0

[Event "Olomouc Chess Summer 2018 - seniors"]
[Site "Olomouc (CZE)"]
[Date "2018.08.15"]
[Round "6.1"]
[White "Spanton, Tim R"]
[Black "Lys, Josef"]
[Result "0-1"]
[WhiteElo "1946"]
[BlackElo "2115"]
[PlyCount "41"]
[EventDate "2018.08.11"]

1. c4 c5 2. Nc3 Nc6 3. g3 b6 4. Bg2 Bb7 5. Nf3 Nd4 6. e3 Nxf3+ 7. Bxf3 Qc8 8.
b3 Nf6 9. Bb2 e6 10. d4 cxd4 11. exd4 Bb4 12. O-O O-O 13. Rc1 Re8 14. d5 e5 15.
Ne4 Nxe4 16. Bxe4 Bf8 17. f4 exf4 18. Rxf4 Re7 19. Qh5 g6 20. Qxh7+ Kxh7 21.
Rh4+ 0-1

[Event "Olomouc Chess Summer 2018 - seniors"]
[Site "Olomouc (CZE)"]
[Date "2018.08.15"]
[Round "6.2"]
[White "Juricek, Stanislav"]
[Black "Galvanek, Ladislav"]
[Result "1-0"]
[WhiteElo "2099"]
[BlackElo "1994"]
[PlyCount "57"]
[EventDate "2018.08.11"]

1. e4 Nf6 2. d3 e5 3. Nf3 Nc6 4. Be2 d5 5. Nbd2 g6 6. O-O Bg7 7. c3 O-O 8. Qc2
a5 9. b3 Re8 10. a3 h6 11. Bb2 Bg4 12. Rfe1 Qd7 13. Bf1 Rad8 14. h3 Be6 15. b4
Nh7 16. exd5 Bxd5 17. b5 Na7 18. c4 Bxf3 19. Nxf3 Qf5 20. Bc3 b6 21. Qb2 f6 22.
c5 e4 23. dxe4 Qxc5 24. Qb3+ Kh8 25. Rac1 Qe7 26. Bc4 Rd7 27. e5 f5 28. e6 Rd6
29. Ne5 1-0

[Event "Olomouc Chess Summer 2018 - seniors"]
[Site "Olomouc (CZE)"]
[Date "2018.08.15"]
[Round "6.3"]
[White "Horak, Miroslav"]
[Black "Kusina, Jan"]
[Result "0-1"]
[WhiteElo "1745"]
[BlackElo "1998"]
[PlyCount "90"]
[EventDate "2018.08.11"]

1. c4 Nf6 2. Nc3 e6 3. g3 d5 4. cxd5 exd5 5. d4 c6 6. Bg2 Bf5 7. Nf3 Bd6 8. O-O
O-O 9. Nh4 Be6 10. Qc2 Nbd7 11. Bg5 h6 12. Bd2 Re8 13. Nf5 Bf8 14. Rfe1 Nb6 15.
Rad1 Qd7 16. Bh3 Nc4 17. Bc1 Kh8 18. g4 Nd6 19. Bf4 Nde4 20. Nxe4 dxe4 21. a3
Nxg4 22. Bxg4 Bxf5 23. Bxf5 Qxf5 24. e3 Qg4+ 25. Bg3 Rad8 26. Qe2 Qxe2 27. Rxe2
Rd5 28. Rc2 Red8 29. Rdc1 Kg8 30. Kf1 f5 31. Ke2 Kf7 32. Be5 R8d7 33. Rc4 Rb5
34. R1c2 Rdd5 35. Bc7 Rb3 36. R4c3 Rdb5 37. Rxb3 Rxb3 38. Be5 Ke6 39. Bb8 a6
40. Bc7 g5 41. f4 exf3+ 42. Kxf3 f4 43. Re2 Bg7 44. Bb6 Kd5 45. Kf2 fxe3+ 0-1

[Event "Olomouc Chess Summer 2018 - seniors"]
[Site "Olomouc (CZE)"]
[Date "2018.08.16"]
[Round "7.1"]
[White "Lys, Josef"]
[Black "Kusina, Jan"]
[Result "0-1"]
[WhiteElo "2115"]
[BlackElo "1998"]
[PlyCount "110"]
[EventDate "2018.08.11"]

1. d4 d5 2. c4 e6 3. Nc3 c6 4. e3 Nf6 5. Nf3 Nbd7 6. Bd3 dxc4 7. Bxc4 b5 8. Bb3
a6 9. O-O Bb7 10. Qe2 c5 11. Re1 Be7 12. Bd2 O-O 13. Rad1 Qb6 14. Bc1 Ne4 15.
Bc2 Ndf6 16. Ne5 Rfd8 17. f3 Nxc3 18. bxc3 Rac8 19. Bb2 Qa5 20. Bb1 Bd5 21. e4
Bb7 22. f4 cxd4 23. cxd4 Bb4 24. Rf1 Bc3 25. Bxc3 Qxc3 26. Nf3 Rc4 27. Rfe1 g6
28. Qf2 Kg7 29. Qh4 Rdc8 30. Qg5 Qa3 31. f5 exf5 32. e5 Ne4 33. Bxe4 Bxe4 34.
Qf6+ Kg8 35. e6 R4c7 36. Ng5 Qxa2 37. exf7+ Rxf7 38. Qxf7+ Qxf7 39. Nxf7 Kxf7
40. Rd2 Ke6 41. Ra1 Bb7 42. Kf2 Rc4 43. Ra3 Kd5 44. Ke3 g5 45. g3 f4+ 46. gxf4
gxf4+ 47. Kxf4 Rxd4+ 48. Rxd4+ Kxd4 49. Ra1 b4 50. Rd1+ Kc3 51. Rd7 Bg2 52.
Rc7+ Kd4 53. Ra7 Bf1 54. Rd7+ Kc3 55. Rd1 Be2 0-1

[Event "Olomouc Chess Summer 2018 - seniors"]
[Site "Olomouc (CZE)"]
[Date "2018.08.16"]
[Round "7.2"]
[White "Kylar, Miroslav"]
[Black "Juricek, Stanislav"]
[Result "1/2-1/2"]
[WhiteElo "1917"]
[BlackElo "2099"]
[PlyCount "56"]
[EventDate "2018.08.11"]

1. d4 Nf6 2. Bf4 d6 3. Nc3 g6 4. e4 Bg7 5. Qd2 O-O 6. Nf3 c6 7. O-O-O Bg4 8.
Bh6 Nbd7 9. Bxg7 Kxg7 10. Qf4 Bxf3 11. gxf3 e5 12. dxe5 dxe5 13. Qe3 Qe7 14. f4
exf4 15. Qxf4 Rfe8 16. Bg2 Nc5 17. Rhe1 Nh5 18. Qe3 Qe5 19. Qd4 Nf4 20. Bf1 a5
21. f3 g5 22. Ne2 Nxe2+ 23. Rxe2 Qxd4 24. Rxd4 Rad8 25. Red2 Rxd4 26. Rxd4 h5
27. Bh3 h4 28. c3 Kf6 1/2-1/2

[Event "Olomouc Chess Summer 2018 - seniors"]
[Site "Olomouc (CZE)"]
[Date "2018.08.17"]
[Round "8.1"]
[White "Kusina, Jan"]
[Black "Kylar, Miroslav"]
[Result "1-0"]
[WhiteElo "1998"]
[BlackElo "1917"]
[PlyCount "75"]
[EventDate "2018.08.11"]

1. Nf3 d5 2. d4 c6 3. Bf4 Nf6 4. e3 Qb6 5. Qc1 Bf5 6. Nbd2 Nh5 7. Bg5 h6 8. Bh4
g5 9. Bg3 Nd7 10. Be2 Bg7 11. a4 Nxg3 12. hxg3 e5 13. a5 Qc7 14. dxe5 Nxe5 15.
Nxe5 Qxe5 16. c3 a6 17. Nb3 Be4 18. Kf1 O-O-O 19. Nc5 Bg6 20. Qd1 Qe7 21. Na4
f5 22. Qb3 f4 23. gxf4 gxf4 24. exf4 h5 25. Qb6 Qc7 26. Qa7 Qb8 27. Qxb8+ Kxb8
28. Nc5 Rde8 29. Bd3 Bf7 30. Re1 Kc7 31. Nb3 Kd6 32. Nd4 Bf6 33. Rh3 c5 34.
Nf5+ Kc6 35. Rhe3 c4 36. Bc2 Rxe3 37. Rxe3 Re8 38. Ba4+ 1-0

[Event "Olomouc Chess Summer 2018 - seniors"]
[Site "Olomouc (CZE)"]
[Date "2018.08.17"]
[Round "8.2"]
[White "Juricek, Stanislav"]
[Black "Lauritzen, Einar"]
[Result "1-0"]
[WhiteElo "2099"]
[BlackElo "2007"]
[PlyCount "63"]
[EventDate "2018.08.11"]

1. e4 c5 2. f4 Nc6 3. Nf3 g6 4. Bb5 Nd4 5. Nxd4 cxd4 6. O-O a6 7. Ba4 Bg7 8. d3
b5 9. Bb3 d6 10. Nd2 Rb8 11. Nf3 Nh6 12. Qe1 O-O 13. f5 gxf5 14. Qh4 Ng4 15.
exf5 Ne3 16. Bxe3 dxe3 17. Ng5 h6 18. Ne4 d5 19. f6 exf6 20. Nxf6+ Bxf6 21.
Rxf6 Rb6 22. Qg3+ Kh8 23. Rxb6 Qxb6 24. Qe5+ f6 25. Qf4 e2+ 26. d4 Qe6 27.
Qxh6+ Kg8 28. Re1 Qe4 29. c3 Rf7 30. Qh5 Bg4 31. Qxd5 Qe3+ 32. Kh1 1-0

[Event "Olomouc Chess Summer 2018 - seniors"]
[Site "Olomouc (CZE)"]
[Date "2018.08.17"]
[Round "8.3"]
[White "Zdrazil, Bohumir"]
[Black "Lys, Josef"]
[Result "0-1"]
[WhiteElo "1812"]
[BlackElo "2115"]
[PlyCount "84"]
[EventDate "2018.08.11"]

1. d4 Nf6 2. Nf3 d5 3. c4 c6 4. e3 Bg4 5. Nc3 e6 6. cxd5 exd5 7. Be2 Nbd7 8. h3
Bh5 9. a3 Bd6 10. b4 b5 11. Nh4 Bxe2 12. Qxe2 O-O 13. Nf5 Nb6 14. Nxd6 Qxd6 15.
O-O a5 16. Bd2 axb4 17. axb4 Nc4 18. Rab1 Ra3 19. Qd1 Rfa8 20. Qc2 Qe7 21. Bc1
R3a6 22. Re1 Qa7 23. Bb2 Qe7 24. Bc1 Qd6 25. Qb3 Re8 26. Re2 Rea8 27. Ra2 Rxa2
28. Nxa2 Ne4 29. Nc3 Ned2 30. Bxd2 Nxd2 31. Qb2 Nxb1 32. Qxb1 g6 33. g3 Qe6 34.
Kg2 Qf5 35. Qb2 Qd3 36. h4 h6 37. Kg1 Kg7 38. Kg2 g5 39. hxg5 hxg5 40. Kg1 Rh8
41. Kg2 Qf5 42. Qe2 Qh3+ 0-1

[Event "Olomouc Chess Summer 2018 - seniors"]
[Site "Olomouc (CZE)"]
[Date "2018.08.18"]
[Round "9.1"]
[White "Ortoft, Kai"]
[Black "Juricek, Stanislav"]
[Result "1/2-1/2"]
[WhiteElo "1946"]
[BlackElo "2099"]
[PlyCount "20"]
[EventDate "2018.08.11"]

1. d4 Nf6 2. Nf3 e6 3. c4 d5 4. Nc3 c6 5. e3 Nbd7 6. Bd3 dxc4 7. Bxc4 b5 8. Bd3
Bb7 9. O-O b4 10. Na4 c5 1/2-1/2

[Event "Olomouc Chess Summer 2018 - seniors"]
[Site "Olomouc (CZE)"]
[Date "2018.08.18"]
[Round "9.2"]
[White "Kusina, Jan"]
[Black "Spanton, Tim R"]
[Result "1/2-1/2"]
[WhiteElo "1998"]
[BlackElo "1946"]
[PlyCount "70"]
[EventDate "2018.08.11"]

1. Nf3 d5 2. d4 e6 3. c4 Nf6 4. Nc3 c5 5. e3 Nc6 6. a3 a6 7. dxc5 Bxc5 8. cxd5
exd5 9. b4 Ba7 10. Bb2 O-O 11. Be2 d4 12. exd4 Nxd4 13. Nxd4 Qxd4 14. O-O Bg4
15. Qxd4 Bxd4 16. Bxg4 Nxg4 17. h3 Nxf2 18. Rxf2 Bxf2+ 19. Kxf2 Rad8 20. Rd1
Rxd1 21. Nxd1 Rc8 22. Nc3 f5 23. Ke3 Kf7 24. Kd3 g6 25. Bc1 Ke6 26. Bf4 Rd8+
27. Kc4 Rc8+ 28. Kb3 Rd8 29. Na4 Kd5 30. Nc5 Kc6 31. h4 Re8 32. g3 Re1 33. Nd3
Re7 34. Ne5+ Kd5 35. Nc4 Kc6 1/2-1/2

[Event "Olomouc Chess Summer 2018 - seniors"]
[Site "Olomouc (CZE)"]
[Date "2018.08.18"]
[Round "9.3"]
[White "Lys, Josef"]
[Black "Galvanek, Ladislav"]
[Result "0-1"]
[WhiteElo "2115"]
[BlackElo "1994"]
[PlyCount "112"]
[EventDate "2018.08.11"]

1. d4 d5 2. c4 e6 3. Nc3 c5 4. e3 Nf6 5. Nf3 Nc6 6. a3 a6 7. cxd5 exd5 8. Be2
Bd6 9. dxc5 Bxc5 10. b4 Bd6 11. Bb2 O-O 12. O-O Be6 13. Nd4 Ne5 14. Rc1 Qe7 15.
Na4 Rad8 16. Nc5 Bc8 17. Qc2 Neg4 18. Bxg4 Nxg4 19. Nf3 f6 20. Qb3 Bb8 21. Rfd1
Qf7 22. Nd3 Rfe8 23. Rc5 Ne5 24. Nde1 Nc4 25. e4 Nxb2 26. Qxb2 dxe4 27. Rxd8
Rxd8 28. Qc2 Bd7 29. Qxe4 Bc6 30. Qc2 Qd7 31. Rc3 Ba7 32. Rd3 Qe7 33. Rxd8+
Qxd8 34. Qc4+ Qd5 35. Qxd5+ Bxd5 36. g4 Kf7 37. h3 Ke6 38. Nd2 Ke5 39. Nc2 Kf4
40. Kf1 Kg5 41. Ne3 Bxe3 42. fxe3 f5 43. gxf5 Kxf5 44. Kf2 g5 45. Nb1 h5 46.
Nc3 Bc6 47. a4 Bh1 48. Ne2 Bc6 49. b5 axb5 50. Nd4+ Ke4 51. axb5 Bd5 52. b6 g4
53. h4 g3+ 54. Kxg3 Kxe3 55. Nf5+ Ke4 56. Ng7 Bf7 0-1